| 000 | 00329nam a22001337a 4500 | ||
|---|---|---|---|
| 999 |
_c532347 _d532347 |
||
| 003 | NUST | ||
| 038 | _aM.Ramzan | ||
| 082 |
_a628.114 _bCHA |
||
| 100 |
_aChang, Ni-Bin. _925794 |
||
| 245 | _aApplied flow and solute transport modeling../ | ||
| 260 |
_aLondon, _bTaylor and Franeis. _c2005. |
||
| 300 | _a667 p, : | ||
| 942 |
_2ddc _cBK |
||